Spanish: Conjunctions - Statistics

General Stats
  • This quiz has been taken 317 times
    6 since last reset
  • The average score is 12 of 67
Answer Stats
Español English % Correct
Porque Because
100%
Pero (also yet)/Sino/Sino que But
100%
Más de/Más que More than
100%
Si If
80%
En caso de que (also in the event) In case
80%
A To
80%
Mientras (also as long as, whereas, as, so long as)/Mientras que/Si bien While
80%
Ni Nor
60%
Y And
40%
Excepto/Salvo (also but, save) Except
40%
O Or
40%
Por lo tanto (also hence) Therefore
40%
Luego de que/Después de que After
20%
Lo que (also what) As
20%
Aun cuando/Incluso cuando (also even when)/Pese a que/Por más que (also as) Even though
20%
Excepto si Except if
20%
Dado que (also since, seeing that) Given that
20%
No obstante/Empero/Sin embargo/Por (adjetivo) que sea However
20%
Si no If not
20%
En la hipótesis de que In the event that
20%
Justo cuando/Igual que/Igual de/Así como Just as
20%
Justo antes de que Just before
20%
De los cuales/De las cuales/De la cual (also from which) Of which
20%
Solo que Only
20%
Visto que (also since, given that) Seeing that
20%
Ya que/Puesto que/En vista de que Since
20%
Así que/Tan/Por lo que (also consequently) So
20%
Que (also that, to, who, how) Than
20%
Así es (also that is) This is
20%
Aunque (also although) Though
20%
Pues (also because, since, for) Well
20%
Siempre que Whenever
20%
A pesar de que (also though, while, even though) Although
0%
Cual si/Como si As if
0%
Como lo hace/Así como lo hace/Como hace As it does
0%
Como no/Ya que no/Como no lo hace As it does not
0%
En la medida en As long as
0%
Tan pronto como As soon as
0%
Como tal/Tal como/Tales como As such
0%
A la vez que (also at the same time/Así como (also just like, just as)/Así como también/Al mismo tiempo que/Tanto como (also just as much)/Al igual que (also just like) As well as
0%
Al (also at, upon, to, the, when) By
0%
Para cuando By the time
0%
Por lo que (also so, so that) Consequently
0%
O bien/Ya sea (also whether) Either
0%
Incluso aunque Even if
0%
Hasta cuando Even when
0%
Desde que Ever since
0%
Excepto que Except that
0%
De qué/De lo que (also what) From what
0%
De que From which
0%
En el que/En la que In which
0%
Para que no Lest
0%
Más del More about
0%
Una vez que/En cuanto Once
0%
O le de/O sobre/O acerca de/O de Or about
0%
Siempre y cuando/A condición de que (also on the condition that) Provided that
0%
Entonces cómo So how
0%
Para que (also for (pronoun) to) So that
0%
Así que yo (also so I, than me) Than I am
0%
Por eso That's why
0%
El de/La de The one about
0%
Así/Así es/Así es como/Así se This is how
0%
A menos que/Salvo que/A no ser que/Salvo si Unless
0%
Considerando que Whereas
0%
Por la que (also why) Whereby
0%
Dondequiera que Wherever
0%
Lo que significa/Lo cual significa Which means
0%
No matching quizzes found
Score Distribution
Percent of People with Each Score
Percentile by Number Answered
Your Score History
You have not taken this quiz since the last reset